Linear algebra and projective geometry /
Guardado en:
| Autor Principal: | |
|---|---|
| Formato: | Libro |
| Idioma: | English |
| Publicado: |
New York :
Academic Press,
1952.
|
| Series: | Pure and applied mathematics, a series of monographs and textbooks ;
v. 2 |
| Etiquetas: |
Agregar Etiqueta
Sin Etiquetas, Sea el primero en etiquetar este registro!
|
| LEADER | 00696nam a22001935a 4500 | ||
|---|---|---|---|
| 001 | MAT.inmabb000971 | ||
| 008 | 031119s1952####nyu######b####001#0#eng#d | ||
| 005 | 20160105185506.0 | ||
| 245 | 1 | 0 | |a Linear algebra and projective geometry / |c by Reinhold Baer. |
| 260 | |a New York : |b Academic Press, |c 1952. | ||
| 300 | |a viii, 318 p. ; |c 24 cm. | ||
| 440 | 0 | |a Pure and applied mathematics, a series of monographs and textbooks ; |v v. 2 | |
| 504 | |a Incluye referencias bibliográficas (p. [313]-314) e índice. | ||
| 510 | 4 | |a MR, |c 14,675j | |
| 100 | 1 | |a Baer, Reinhold. | |
| 084 | |a 51 |2 msc2000 | ||
| 010 | |a 52007480 | ||
| 859 | |h 51 |i B141 |p A-835 |b BIB. MATEMATICA | ||
| 859 | |h 51 |i B141 |p A-2187 |t Ej. 2 |b BIB. MATEMATICA | ||
